000 00405nam a2200157Ia 4500
008 160316s1976 xxu||||| |||| 00| 0 eng d
082 _a110.000000
_bSAT
100 _aSatprem
245 _aMother or the new species
250 _a
260 _aNew York
_bInstitute for Evolutionary Research
_c1976
300 _a486p.
_b
_c
365 _bRs.90/-
650 _a1.Spiritual Life - Hinduism
700 _a
_a
999 _c7105
_d7105